City/town names in song titles - Statistics

General Stats
  • This quiz has been taken 37 times
  • The average score is 10 of 13
Answer Stats
Hint Answer % Correct
Song by The Clash + city known for the Tower Bridge. London (calling)
100%
Song by Duran Duran + city known for the statue of Christ the Redeemer. Rio
97%
Song by The Chainsmokers + city where you can visit the Louvre Museum. Paris
94%
Song by famous actor Will Smith + second largest city of Florida (based on population). Miami
89%
The German band Dschinghis Khan sang about this city + city known for the Kremlin. Moscow/moskau
89%
ABBA won Eurovision with this song + a town where Napoleon was defeated. Waterloo
89%
Scott McKenzie's most famous song + city known for it's famous bridge and prison. San Francisco
86%
Song by Billy Joel + both Beethoven and Mozart died in this city. Vienna
86%
Song by Montserrat Caballé and Freddie Mercury + city known for Sagrada Familia and its famous football club. Barcelona
78%
Song by Camila Cabello + in this city you will see a lot of vintage cars. Havana
72%
Song by Madness + city located near the Nile Delta. (Night boat to) Cairo
67%
Song by Murray Head + city where you can visit the Wat Pho and Wat Arun. One night in (Bangkok)
67%
Song by Boney M. + the majority of peace walls are located in this city. Belfast
19%
No matching quizzes found
Score Distribution
Percent of People with Each Score
Percentile by Number Answered
Your Score History
You have not taken this quiz